Cineforum 436. Luglio 2004. Rivista di cultura cinematografica (Record n. 336237)

Dettagli MARC
000 -LEADER
fixed length control field 02170nas a2200277Ia 4500
001 - CONTROL NUMBER
control field R053-S9176
003 - CONTROL NUMBER IDENTIFIER
control field IT-CnALBA
008 - FIXED-LENGTH DATA ELEMENTS--GENERAL INFORMATION
fixed length control field 170116c99999999xx |||||||||||| ||und||
040 ## - CATALOGING SOURCE
Original cataloging agency IT-CnALBA
Transcribing agency IT-CnALBA
041 ## - LANGUAGE CODE
Language code of text/sound track or separate title ITALIANO
999 ## - SYSTEM CONTROL NUMBERS (KOHA)
Koha Dewey Subclass [OBSOLETE] NO
100 ## - MAIN ENTRY--PERSONAL NAME
Personal name Bittanti Matteo # Cataneo Francesco # Autori vari
210 ## - ABBREVIATED TITLE
Abbreviated title CINEFORUM
222 ## - KEY TITLE
Key title CINEFORUM
245 #0 - TITLE STATEMENT
Title Cineforum 436. Luglio 2004. Rivista di cultura cinematografica
250 ## - EDITION STATEMENT
Edition statement 1a ed.
260 ## - PUBLICATION, DISTRIBUTION, ETC. (IMPRINT)
Place of publication, distribution, etc. s.c.
Name of publisher, distributor, etc. Federazione italiana Cineforum. Bergamo '
Date of publication, distribution, etc. 2004 [1° Ed.:2004 - Ed.Ling.Originale: 2004]
300 ## - PHYSICAL DESCRIPTION
Extent 96 p.
310 ## - CURRENT PUBLICATION FREQUENCY
Current publication frequency MENSILE
362 ## - DATES OF PUBLICATION AND/OR SEQUENTIAL DESIGNATION
Dates of publication and/or sequential designation Fascicolo: 6 / Anno: 44 (2004)
500 ## - GENERAL NOTE
General note Il cinema dell'apocalisse. Tutto Cannes 2004. Salles, Frazzi, Kim, Dumont, Panahi, Coen, Haneke, Guaron, Zalica. Apocalisse Wow! The day after tomorrow di Roland Emmerich, tra distruzione e distrazione di massa. Schede. I diari della motocicletta di Wakter Salles. Cozzi E. Certi bambini di Andrea e Antonio Frazzi. Filmese. Zanetti A. Sancini A. Nasoni T. Schultze vuole suonare il blues. Moro Mo Brasit. Pontormo. Pontormo. Tutto Cannes 2004. Le nostre pagelle. Il meglio delle varie sezioni. Film in concorso. Fuori concorso. Festival e Rassegne. Rossi V. Setubal-Troia. Tivutargets. Le lune del cinema. Libri a cua di Comuzio E. '
501 ## - WITH NOTE
With note Società San Paolo EM - Piazza San Paolo, 14 - 12051 ALBA (CN) (non commercial uses only) ® Copyright 2017
520 ## - SUMMARY, ETC.
Summary, etc. Il cinema dell'apocalisse. Tutto Cannes 2004. Salles, Frazzi, Kim, Dumont, Panahi, Coen, Haneke, Guaron, Zalica. Apocalisse Wow! The day after tomorrow di Roland Emmerich, tra distruzione e distrazione di massa. Schede. I diari della motocicletta di Wakter Salles. Cozzi E. Certi bambini di Andrea e Antonio Frazzi. Filmese. Zanetti A. Sancini A. Nasoni T. Schultze vuole suonare il blues. Moro Mo Brasit. Pontormo. Pontormo. Tutto Cannes 2004. Le nostre pagelle. Il meglio delle varie sezioni. Film in concorso. Fuori concorso. Festival e Rassegne. Rossi V. Setubal-Troia. Tivutargets. Le lune del cinema. Libri a cua di Comuzio E. '
650 ## - SUBJECT ADDED ENTRY--TOPICAL TERM
Topical term or geographic name as entry element ARTI RICREATIVE E DELLO SPETTACOLO
942 ## - ADDED ENTRY ELEMENTS (KOHA)
Koha item type RIVISTA
957 ## -
-- 1
999 ## - SYSTEM CONTROL NUMBERS (KOHA)
-- 1
Dati di copia
Withdrawn status Lost status Damaged status Not for loan Home library Current library Date acquired Total Checkouts Full call number Date last seen Price effective from Koha item type Public note
    Buone Condizioni Not For Loan ALBA - Biblioteca ALBA - Biblioteca 16/01/2017   R053-S9176 16/01/2017 16/01/2017 RIVISTA (data import: 16 gennaio 2017) - By Epidotti, Vaglietti.
CREDITS: SOCIETA' SAN PAOLO Via A.Severo, 58 - ROMA (RM) & PERIODICI SAN PAOLO SRL Via Giotto, 36 MILANO & CISF Via Giotto, 36 MILANO & EDIZIONI SAN PAOLO SRL,  Piazza Soncino, 5 CINISELLO BALSAMO (MI) -- ITALY